Sighs of relief all round (Record no. 82263)

MARC details
000 -LEADER
fixed length control field 01035cab a22002055a 4500
001 - CONTROL NUMBER
control field L149720
008 - FIXED-LENGTH DATA ELEMENTS--GENERAL INFORMATION
fixed length control field 100414s20100403xxk 000 0 eng d
035 ## - SYSTEM CONTROL NUMBER
System control number (Sirsi) u149720
041 0# - LANGUAGE CODE
Language code of text/sound track or separate title eng
100 1# - MAIN ENTRY--PERSONAL NAME
Personal name Gardner, Robert
245 00 - TITLE STATEMENT
Title Sighs of relief all round
260 ## - PUBLICATION, DISTRIBUTION, ETC.
Date of publication, distribution, etc. 2010
490 ## - SERIES STATEMENT
Series statement Estates Gazette
Volume/sequential designation (1013) 3 April 2010, 80(1)
520 ## - SUMMARY, ETC.
Summary, etc. Occupiers facing increases in non-domestic rates following Rating Revaluation 2010 effective from 1 April 2010 can claim relief including rural rates, empty rates and hardship. Explains how a specialist rating surveyor can assist with appealing the rateable value. Outlines the three valuation methods available including comparative, proftis methods and contractors test.
520 ## - SUMMARY, ETC.
Summary, etc. RICS rating helpline offers half an hour of free advice from a local rating surveyor. Contact RICS Contact Centre +44 (0)870 333 1600.
590 ## - LOCAL NOTE (RLIN)
Local note KA
651 #4 - SUBJECT ADDED ENTRY--GEOGRAPHIC NAME
Geographic name ENGLAND AND WALES
690 ## - LOCAL SUBJECT ADDED ENTRY--TOPICAL TERM (OCLC, RLIN)
Topical term or geographic name as entry element PROPERTY-COMMERCIAL PROPERTY-COMMERCIAL PROPERTY TAXATION-BUSINESS RATES
942 ## - ADDED ENTRY ELEMENTS (KOHA)
Suppress in OPAC 0
Holdings
Withdrawn status Lost status Source of classification or shelving scheme Damaged status Not for loan Home library Current library Shelving location Date acquired Total Checkouts Full call number Barcode Date last seen Copy number Price effective from Koha item type
    Dewey Decimal Classification     London London Journal article 14/04/2010   L149720 149720-1001 06/08/2019 1 06/08/2019 Journal article